| 000 | 00735nam a2200229Ia 4500 | ||
|---|---|---|---|
| 003 | IN-BaIIA | ||
| 008 | 211028s9999 xx s 000 0 eng d | ||
| 020 | _a978-1-108186-73-5 (Online) | ||
| 020 | _a978-1-316510-08-7 (Print) | ||
| 040 | _cIIA Library | ||
| 100 |
_aSarkka, Simo _938046 |
||
| 245 | 0 |
_aApplied Stochastic Differential Equations _h[eBook] |
|
| 250 | _a1st ed. | ||
| 260 |
_aCambridge _bCambridge University Press _c2019 |
||
| 300 | _aOnline resource | ||
| 650 |
_aAbstracts and Analysis _938047 |
||
| 650 |
_aCommunications and Signal Processing _938048 |
||
| 650 |
_aEngineering _981 |
||
| 700 |
_aSolin, Arno _938049 |
||
| 856 |
_uhttps://doi.org/10.1017/9781108186735 _yClick Here to Access eBook |
||
| 942 | _cEB | ||
| 999 |
_c20548 _d20548 |
||